Assessment of Asycuda world on human resource practices and management behaviour: a case of customs services division at Zambia Revenue Authority (Record no. 35000)

MARC details
000 -LEADER
fixed length control field 00842nam a2200169 a 4500
008 - FIXED-LENGTH DATA ELEMENTS--GENERAL INFORMATION
fixed length control field 180209s2016 ||||||||||||||||| || u
050 ## - LIBRARY OF CONGRESS CALL NUMBER
Classification number CBU-PG THESIS/MAS
100 ## - MAIN ENTRY--PERSONAL NAME
Personal name Masheke, Akalilwa
245 10 - TITLE STATEMENT
Title Assessment of Asycuda world on human resource practices and management behaviour: a case of customs services division at Zambia Revenue Authority
Statement of responsibility, etc. by Akalilwa Masheke
260 ## - PUBLICATION, DISTRIBUTION, ETC.
Place of publication, distribution, etc. Kitwe:
Name of publisher, distributor, etc. Copperbelt University
Date of publication, distribution, etc. 2016
300 ## - PHYSICAL DESCRIPTION
Extent xii, 106p.: ill.
500 ## - GENERAL NOTE
General note Includes References
650 ## - SUBJECT ADDED ENTRY--TOPICAL TERM
Topical term or geographic name entry element TRADE FACILITATION--RESEARCH--CASE STUDIES
650 ## - SUBJECT ADDED ENTRY--TOPICAL TERM
Topical term or geographic name entry element HUMAN RESOURCE--MANAGEMENT BEHAVIOUR--SOFTWARE PACKAGES
650 ## - SUBJECT ADDED ENTRY--TOPICAL TERM
Topical term or geographic name entry element FISCAL ANALYSIS--SOFTWARE PRODUCTS EFFECT OF
995 ## - RECOMMENDATION 995 [LOCAL, UNIMARC FRANCE]
-- CBU-MAIN LIBRARY (Kitwe)
-- 1
-- AVAILABLE
-- Feb 9, 2018
-- Copperbelt University
-- University Collection
Holdings
Withdrawn status Lost status Source of classification or shelving scheme Damaged status Not for loan Home library Current library Shelving location Date acquired Total Checkouts Full call number Barcode Date last seen Price effective from Koha item type
          CBU-MAIN LIBRARY, KITWE. CBU-MAIN LIBRARY, KITWE.   11/30/2022   CBU-PG THESIS/MAS B3451 11/30/2022 11/30/2022 MONOGRAPH